01221nab a22002657a 4500999001500000003000400015005001700019008004100036040000700077100004000084245009100124260007300215300001500288500002700303505011900330505010900449505008200558650002300640650002300663650005200686650003200738650001700770773015500787942001300942 c5540d5540OSt20251215151551.0190429b xxu||||| |||| 00| 0 spa d cPJ 96521aGarcía Cáneva, Luciana B.10aEl estándar de prueba en casos de violencia sexual / cLuciana B. García Cáneva. cCiudad Autónoma de Buenos Aires :aThomson Reuters La Ley, b2025. ap. 135-140 aCita: AR/DOC/184/2025. aSumario: I. Introducción.— II. Caso "D. P., J. A. s/ abuso sexual con acceso carnal".— III. Consideraciones. tFallo comentado: TCrim. Nro. 4, La Plata ~ 24/05/2024 ~ D. P. J. A. s/ abuso sexual con acceso carnal. tSi te interesa el texto completo, solicitalo a koha@justierradelfuego.gov.ar  09343aDERECHO PENAL 092903aABUSO SEXUAL 094467aABUSO SEXUAL CALIFICADO POR ACCESO CARNAL 093053aVIOLENCIA DE GÉNERO 091975aPRUEBA0 0265893164tRevista de derecho penal y criminología. Nº 2 - Marzo 2025dCiudad Autónoma de Buenos Aires : Thomson Reuters La Ley, 2017-x00347914 2udccANA